000 00529nam a2200205Ia 4500
001 12790
003 GE_BSU
008 181216s||||||||xx |||||||||||||| ||und||
040 _cGE_BSU
080 _a631.6
100 _aГейтман,Б.Г.
245 _aОсушительная мелиорация
245 _cРед.Г.Александров
260 _aМосква
260 _bОгиз
260 _c1934
300 _a400стр.24см.
653 _aОсушительная мелиорация
942 _cBK
999 _c45961
_d45961